书目信息 |
| 题名: |
中文版3ds Max影视动画制作
|
|
| 作者: | ;彭超 , 王永强 编著 ;子午视觉文化传播公司 主编 | |
| 分册: | 动画卷 | |
| 出版信息: | 北京 海洋出版社 2014 |
|
| 页数: | 14,388页 | |
| 开本: | 26cm | |
| 丛书名: | 子午影视课堂系列丛书 | |
| 单 册: | ||
| 中图分类: | TP391.414 | |
| 科图分类: | ||
| 主题词: | 三维动画软件--高等学校--教材 , 三维动画软件 | |
| 电子资源: | ||
| ISBN: | 978-7-5027-8787-5 | |
| 000 | 01466nam0 2200301 450 | |
| 001 | 141015 | |
| 005 | 20141019150328.61 | |
| 010 | @a978-7-5027-8787-5@b光盘@dRMB 68.00 | |
| 100 | @a20140326d2014 em y0chiy50 ea | |
| 101 | 0 | @achi |
| 102 | @aCN@b110000 | |
| 105 | @aa z 000yy | |
| 200 | 1 | @a中文版3ds Max影视动画制作@Azhong wen ban 3ds Max ying shi dong hua zhi zuo@i动画卷@b专著@f子午视觉文化传播主编@g彭超,王永强编著 |
| 210 | @a北京@c海洋出版社@d2014 | |
| 215 | @a14,388页@c图@d26cm@e1光盘 | |
| 225 | 1 | @a子午影视课堂系列丛书 |
| 300 | @a“十二五”全国高校动漫游戏专业骨干课程权威教材 动画漫画游戏专业系列教材 经典白皮书(基础知识+典型范例示范教材) 42 | |
| 307 | @a附光盘:ISBN 978-7-900263-91-9 | |
| 330 | @a本书共分7章,主要介绍了三维动画与特效应用、动画与约束,并以范例“IK四肢骨骼”、“CS两足骨骼”介绍了角色骨骼与蒙皮,以范例“燃气烧水”、“海面帆船”和“浓烟火山”介绍了空间扭曲和粒子系统,以范例“池塘鳄鱼”和“草原雄狮”介绍了毛发与布料,以范例“晨曦别墅”、“漂泊者”和“浓雾水乡”介绍了特效与环境,以范例“碎布玩偶”、“风吹窗帘”和“篮球滚落”介绍了Mass FX动力学知识。 | |
| 606 | 0 | @a三维动画软件@x高等学校@j教材 |
| 606 | 0 | @a三维动画软件 |
| 610 | 0 | @a3ds Max |
| 690 | @aTP391.414@v5 | |
| 702 | 0 | @a彭超@Apeng chao@c(文化传播)@4编著 |
| 702 | 0 | @a王永强@Awang yong qiang@c(动画教学)@4编著 |
| 711 | 02 | @a子午视觉文化传播公司@Azi wu shi jue wen hua chuan bo gong si@4主编 |
| 801 | 0 | @c20140930 |
| 905 | @a241430@dTP391.414@eZ9532 | |
| 中文版3ds Max影视动画制作.动画卷/子午视觉文化传播主编/彭超,王永强编著.-北京:海洋出版社,2014 |
| 14,388页:图;26cm+1光盘.-(子午影视课堂系列丛书) |
| “十二五”全国高校动漫游戏专业骨干课程权威教材 动画漫画游戏专业系列教材 经典白皮书(基础知识+典型范例示范教材) 42 |
| ISBN 978-7-5027-8787-5(光盘):RMB 68.00 |
| 本书共分7章,主要介绍了三维动画与特效应用、动画与约束,并以范例“IK四肢骨骼”、“CS两足骨骼”介绍了角色骨骼与蒙皮,以范例“燃气烧水”、“海面帆船”和“浓烟火山”介绍了空间扭曲和粒子系统,以范例“池塘鳄鱼”和“草原雄狮”介绍了毛发与布料,以范例“晨曦别墅”、“漂泊者”和“浓雾水乡”介绍了特效与环境,以范例“碎布玩偶”、“风吹窗帘”和“篮球滚落”介绍了Mass FX动力学知识。 |
| ● |
| 相关链接 |
|
|
|
正题名:中文版3ds Max影视动画制作
索取号:TP391.414/Z9532
 
预约/预借
| 序号 | 登录号 | 条形码 | 馆藏地/架位号 | 状态 | 备注 |
| 1 | 0836673 | 208366739 | 自科库301/301自科库 108排2列1层/ [索取号:TP391.414/Z9532] | 在馆 | |
| 2 | 0836674 | 208366748 | 自科二线400A/400A自科库 5排2列4层/ [索取号:TP391.414/Z9532] | 在馆 | |
| 3 | 0836675 | 208366757 | 自科库301/301自科库 108排2列1层/ [索取号:TP391.414/Z9532] | 在馆 |